Instructor’s manual for physics : concepts and applications (Record no. 31174)

MARC details
000 -LEADER
fixed length control field 00463nam a2200181Ia 4500
020 ## - INTERNATIONAL STANDARD BOOK NUMBER
ISBN 0669002437
050 ## - CALL MARK
Classification number QC 23 .W578/
100 ## - STATEMENT OF RESPONSIBILITY--MAIN AUTHOR NAME
Personal name Wilson, Jerry D.
245 #0 - TITLE STATEMENT
Title Instructor’s manual for physics : concepts and applications
260 ## - PUBLICATION, DISTRIBUTION, ETC. (IMPRINT)
Place of publication Massachusetts
260 ## - PUBLICATION, DISTRIBUTION, ETC. (IMPRINT)
Name of publisher D. C. Health and Company
260 ## - PUBLICATION, DISTRIBUTION, ETC. (IMPRINT)
Year of publication 1977
300 ## - PHYSICAL DESCRIPTION
Number of Pages 169 p
650 ## - SUBJECT ADDED ENTRY--TOPICAL TERM
Topical Term Physics.
942 ## - ADDED ENTRY ELEMENTS (KOHA)
Koha item type Books
Holdings
Withdrawn status Lost status Source of classification or shelving scheme Damaged status Not for loan Permanent Location Current Location Date acquired Accession Number Price effective from Koha item type
    Library of Congress Classification     NILE UNIVERSITY OF NIGERIA - MAIN LIBRARY NILE UNIVERSITY OF NIGERIA - MAIN LIBRARY 04/23/2025 0004855 04/23/2025 Books